LEADER 01735nas 22005173a 450 001 996206943203316 005 20240413014505.0 035 $a(CKB)1000000000694191 035 $a(CONSER)cn2004890014 035 $a(EXLCZ)991000000000694191 100 $a20030715a20029999 --- b 101 0 $afre 181 $ctxt$2rdacontent/fre 182 $cc$2rdamedia/fre 200 10$aRapport annuel /$fLa Financière agricole du Québec 210 $aQuébec $cLa Financière$d2002- 215 $a1 online resource 300 $aTitre pris sur la couv. 311 $aPrint version: Rapport annuel / (DLC)cn2004890014 (OCoLC)52613134 1711-0254 531 0 $aRqapp. annu. 606 $aAgricultural subsidies 606 $aAgricultural subsidies$zQuébec (Province)$vPeriodicals 606 $aAide de l'État à l'agriculture$zQuébec (Province)$vPériodiques 606 $aAide de l'État à l'agriculture 606 $aAgricultural subsidies$2fast$3(OCoLC)fst00801299 606 $aAide gouvernementale$2rasuqam 606 $aAgriculture$2rasuqam 607 $aQuébec$2fast 607 $aQuébec (Province)$2rasuqam 608 $aGovernment Publication 608 $apublic records.$2aat 608 $aPeriodicals.$2fast 608 $aPublications officielles.$2rvmgf 615 0$aAgricultural subsidies. 615 0$aAgricultural subsidies 615 6$aAide de l'État à l'agriculture 615 6$aAide de l'État à l'agriculture. 615 7$aAgricultural subsidies. 615 7$aAide gouvernementale. 615 7$aAgriculture. 676 $a354.5 906 $aJOURNAL 912 $a996206943203316 920 $aexl_impl conversion 996 $aRapport annuel$9790449 997 $aUNISA LEADER 01969nam 2200433z- 450 001 9910476899503321 005 20210528 010 $a1000085512 035 $a(CKB)5470000000567028 035 $a(oapen)https://directory.doabooks.org/handle/20.500.12854/70087 035 $a(oapen)doab70087 035 $a(EXLCZ)995470000000567028 100 $a20202105d2021 |y 0 101 0 $ager 135 $aurmn|---annan 181 $ctxt$2rdacontent 182 $cc$2rdamedia 183 $acr$2rdacarrier 200 00$aUntersuchung und Modellierung des Haltezeiteinflusses auf die zyklische Entfestigung ferritisch-martensitischer Sta?hle 210 $aKarlsruhe$cKIT Scientific Publishing$d2021 215 $a1 online resource (224 p.) 225 1 $aSchriftenreihe des Instituts für Angewandte Materialien, Karlsruher Institut für Technologie 311 08$a3-7315-0837-0 330 $aFerritic-martensitic steels are established structural materials for high-temperature applications. However, these steels show characteristic softening under cyclic loading. Based on a comprehensive mechanical characterization, a coupled viscoplastic model was established to describe cyclic softening and lifetime of ferritic-martensitic steels under combined creep-fatigue loading. 606 $aMechanical engineering & materials$2bicssc 610 $acreep fatigue interaction 610 $acyclic softening 610 $aferritic-martensitic steel 610 $aFerritisch-martensitische Sta?hle 610 $aKriechermu?dung 610 $aviscoplastic modeling 610 $aviskoplastische Modellierung 610 $azyklische Entfestigung 615 7$aMechanical engineering & materials 700 $aFührer$b Ulrich$4auth$01296190 906 $aBOOK 912 $a9910476899503321 996 $aUntersuchung und Modellierung des Haltezeiteinflusses auf die zyklische Entfestigung ferritisch-martensitischer Stähle$93023877 997 $aUNINA LEADER 02675oas 2200889 a 450 001 9910146002903321 005 20260218112209.0 011 $a1943-247X 035 $a(DE-599)ZDB2648003-7 035 $a(OCoLC)777377602 035 $a(CONSER) 2012263031 035 $a(CKB)1000000000429015 035 $a(DE-599)2648003-7 035 $a(EXLCZ)991000000000429015 100 $a20120220a20089999 uy 101 0 $aeng 135 $aur||||||||||| 181 $ctxt$2rdacontent 182 $cc$2rdamedia 183 $acr$2rdacarrier 200 10$aAnnals of advances in automotive medicine 210 $a[Barrington, IL] $cAssociation for the Advancement of Automotive Medicine$d[2008]- 311 08$a1943-2461 517 1 $aAnn Adv Automot Med 517 1 $aAAAM annual conference 606 $aAutomotive medicine$vCongresses 606 $aCrash injuries$vCongresses 606 $aTraffic safety$vCongresses 606 $aAccidents, Traffic 606 $aWounds and Injuries 606 $aConduite automobile$xAspect me?dical$vCongre?s 606 $aLe?sions et blessures dues aux accidents de la route$vCongre?s 606 $aSe?curite? routie?re$vCongre?s 606 $aAutomotive medicine$2fast$3(OCoLC)fst00824140 606 $aCrash injuries$2fast$3(OCoLC)fst00882243 606 $aTraffic safety$2fast$3(OCoLC)fst01154212 608 $aConference Proceedings. 608 $aPeriodicals.$2fast 608 $aConference papers and proceedings.$2fast 608 $aproceedings (reports)$2aat 608 $aConference papers and proceedings.$2lcgft 608 $aActes de congre?s.$2rvmgf 615 0$aAutomotive medicine 615 0$aCrash injuries 615 0$aTraffic safety 615 12$aAccidents, Traffic. 615 22$aWounds and Injuries. 615 6$aConduite automobile$xAspect me?dical 615 6$aLe?sions et blessures dues aux accidents de la route 615 6$aSe?curite? routie?re 615 7$aAutomotive medicine. 615 7$aCrash injuries. 615 7$aTraffic safety. 712 02$aAssociation for the Advancement of Automotive Medicine 801 0$bHNK 801 1$bHNK 801 2$bTXA 801 2$bOCLCO 801 2$bOCLCF 801 2$bOCLCO 801 2$bOCL 801 2$bOCLCO 801 2$bOCLCQ 801 2$bOCLCA 801 2$bBUF 801 2$bVT2 801 2$bOCL 801 2$bOCLCQ 801 2$bOCLCO 801 2$bLUU 801 2$bOCLCL 801 2$bUX1 801 2$bSRU 906 $aJOURNAL 912 $a9910146002903321 996 $aAnnals of advances in automotive medicine$92107414 997 $aUNINA